Quantum Scattering of Two Distinguishable Particles: A Wavepacket Approach

Guardado en:
Detalles Bibliográficos
Autor principal: Michelko, Roman (Autor)
Otros Autores: Bokes, Peter (Orientador)
Formato: Manuscrito Libro
Lenguaje:eslovaco
inglés
Publicado: 2025
Materias:
Acceso en línea:http://is.stuba.sk/zp/portal_zp.pl?podrobnosti=184570
Etiquetas: Agregar Etiqueta
Sin Etiquetas, Sea el primero en etiquetar este registro!

MARC

LEADER 00000ntm a22000003a 4500
001 stuzp103984
003 SK-STU
005 20250614212514.3
007 ta
008 150427s2015----xo-----f-mn---000-0-slo-d
040 |a STU  |b slo 
041 0 |a eng 
100 1 |a Michelko, Roman  |u 036000  |4 aut  |U FEI Fakulta elektrotechniky a informatiky  |T FEI Ústav jadrového a fyzikálneho inžinierstva  |X 112490  |U E060  |Y 817  |7 112490 
242 0 1 |a Kvantový rozptyl dvoch rozlíšiteľných častíc: opis pomocou vlnových balíčkov  |y slo 
245 1 0 |a Quantum Scattering of Two Distinguishable Particles: A Wavepacket Approach 
260 |c 2025 
650 4 |a dynamical barrier  |2 eng 
650 4 |a tunneling time  |2 eng 
650 4 |a phase time delay  |2 eng 
650 4 |a quantum scattering  |2 eng 
650 4 |a wave packet  |2 eng 
650 4 |a dynamická bariéra  |2 slo 
650 4 |a fázové oneskorenie  |2 slo 
650 4 |a vlnový balík  |2 slo 
650 4 |a čas tunelovania  |2 slo 
650 4 |a kvantový rozptyl  |2 slo 
700 1 |a Bokes, Peter  |u 036000  |k Z1  |4 ths  |U FEI Fakulta elektrotechniky a informatiky  |T FEI Ústav jadrového a fyzikálneho inžinierstva  |X 4237  |U E060  |Y 817  |7 A000004237 
856 4 |u http://is.stuba.sk/zp/portal_zp.pl?podrobnosti=184570